000 00566nam a22001817a 4500
005 20151127145454.0
010 _aENG-114225
020 _a9789350353868
_c395.00
035 _aEN-97757
037 _bDBAD/PUB
082 _a345.54
100 _aLakshmanan, AR.
245 _aCriminal law :
_cby AR. Lakshmanan
_bincluding contempt of court /
260 _aDelhi
_bUniversal Law Publishing
_c2014
270 _aC-FF-1A, Dilkhush Industrial Estate, G.T.Karnal Road,
_bDelhi
_e110033
300 _ax,183p.
_c24cm(Hb)
942 _2ddc
_cEN
_mLAK
_h345.54
999 _c97664
_d97664